000 00294nam a2200121Ia 4500
008 191201s2007 xx 000 0 und d
100 _aGOLDBERG,David E
245 0 _a3000 Solved Problems in Chemistry
260 _aNew Delhi
_bTMH
_c2007
300 _a613
650 _aApplied
942 _2ddc
_cBK
999 _c6617
_d6617